Pokemon de A-Z n°2 - Statistiques

Statistiques générales
  • Ce quiz a été pris 57 fois
  • Le résultat moyen est 15 sur 26
Statistiques - réponses
Lettre Génération Type 1 Type 2 Stade Pokémon % Correct
A 1 Glace Vol 1/1 Artikodin
93%
E 1 Spectre Poison 3/3 Ectoplasma
85%
Q 2 Eau Poison 1/1 Qwilfish
76%
X 2 Psy Vol 2/2 Xatu
76%
W 2 Électrik X 1/3 Wattouat
74%
C 4 Ténèbres Vol 2/2 Corboss
72%
L 5 Sol Électrik 1/1 Limonde
63%
P 1 Feu X 2/2 Pyroli
63%
J 3 Plante X 3/3 Jungko
61%
Y 2 Roche Sol 2/3 Ymphect
61%
I 6 Électrik Normal 2/2 Iguolta
59%
Z 7 Électrik X 1/1 Zeraora
57%
T 5 Ténèbres Dragon 3/3 Trioxhydre
54%
M 5 Insecte Plante 3/3 Manternel
52%
O 7 Eau X 2/3 Otarlette
52%
F 9 Fée Acier 3/3 Forgelina
50%
N 5 Normal X 1/1 Nanméouïe
48%
R 4 Plante Poison 3/3 Roserade
48%
U 8 Sol Normal 3/3 Ursaking
48%
V 5 Plante X 1/3 Vipélierre
48%
B 6 Spectre Plante 2/2 Banshitrouye
46%
G 5 Sol Spectre 2/2 Golemastoc
43%
S 5 Psy X 3/3 Sidérella
43%
H 8 Combat X 1/1 Hexadron
39%
K 9 Combat Dragon 1/1 Koraidon
39%
D 7 Normal X 1/1 Dodoala
33%
Aucun quiz correspondant
Distribution des résultats
% des personnes avec chaque résultat
Percentile par nombre de réponses
Votre historique - résultats
Vous n’avez pas pris ce quiz